[Event "BAN Walton 1st League"]
[Site "Dhaka"]
[Date "2018.11.01"]
[Round "8.4"]
[White "Kabir, Mohammad Sherajul"]
[Black "Swarnava, Biswas"]
[Result "1/2-1/2"]
[WhiteElo "1945"]
[BlackElo "1666"]
[PlyCount "85"]
[EventDate "2018.10.25"]
[EventType "team-tourn"]
[EventRounds "11"]
[EventCountry "BAN"]
[SourceTitle "CBM 187 Extra"]
[Source "ChessBase"]
[SourceDate "2018.11.04"]
[SourceVersion "1"]
[SourceVersionDate "2018.11.04"]
[SourceQuality "1"]
[WhiteTeam "Agrani Bank Daba Dal"]
[BlackTeam "Basir Memorial"]
[WhiteTeamCountry "BAN"]
[BlackTeamCountry "BAN"]

1. d4 Nf6 2. Nf3 g6 3. Bg5 Bg7 4. Nbd2 0-0 5. e3 d6 6. Bd3 Nbd7 7. 0-0 c6 8. c3 Qc7 9. e4 e5 10. Re1 h6 11. dxe5 dxe5 12. Bxf6 Bxf6 13. Nf1 Nc5 14. Bc2 Ne6 15. g3 Ng5 16. Nxg5 Bxg5 17. Qe2 Be6 18. h4 Be7 19. h5 Kg7 20. Ne3 Rad8 21. Bb3 Bxb3 22. axb3 a6 23. Rad1 Bg5 24. Ng2 Rxd1 25. Rxd1 Rd8 26. hxg6 fxg6 27. b4 Rxd1+ 28. Qxd1 Qd8 29. Qxd8 Bxd8 30. Kf1 Kf6 31. Ne1 h5 32. Nd3 b6 33. Kg2 Ke6 34. c4 Bg5 35. f4 exf4 36. gxf4 Bh6 37. Kg3 g5 38. fxg5 Bxg5 39. b3 Kf6 40. Kh3 Ke6 41. Kg3 Kf6 42. Kh3 Ke6 43. Kg3 1/2-1/2

[Event "BAN Walton 1st League"]
[Site "Dhaka"]
[Date "2018.10.26"]
[Round "2.4"]
[White "Rahman, Syed Mahfuzur"]
[Black "Swarnava, Biswas"]
[Result "1/2-1/2"]
[WhiteElo "2224"]
[BlackElo "1666"]
[PlyCount "67"]
[EventDate "2018.10.25"]
[EventType "team-tourn"]
[EventRounds "11"]
[EventCountry "BAN"]
[SourceTitle "CBM 187 Extra"]
[Source "ChessBase"]
[SourceDate "2018.11.04"]
[SourceVersion "1"]
[SourceVersionDate "2018.11.04"]
[SourceQuality "1"]
[WhiteTeam "Janata Bank Officer Welfare"]
[BlackTeam "Basir Memorial"]
[WhiteTeamCountry "BAN"]
[BlackTeamCountry "BAN"]

1. e4 e6 2. d3 d5 3. Nd2 Nf6 4. g3 dxe4 5. dxe4 e5 6. Bg2 Nc6 7. Ngf3 Bc5 8. 0-0 0-0 9. c3 a5 10. a4 b6 11. Qe2 Ba6 12. Nc4 Qe7 13. b3 b5 14. axb5 Bxb5 15. Bg5 h6 16. Bxf6 Qxf6 17. Rfd1 Ne7 18. Ra2 a4 19. Rda1 Qe6 20. Bf1 Nc6 21. bxa4 Ba6 22. a5 f5 23. Rd1 fxe4 24. Qxe4 Rxf3 25. Qxf3 Bxc4 26. Bxc4 Qxc4 27. Qd5+ Qxd5 28. Rxd5 Bd6 29. Kg2 Ra6 30. Kf3 Kf7 31. Ke4 Ke6 32. f4 exf4 33. gxf4 Bxf4 34. h4 1/2-1/2